| 000 | 00891nam a2200301 a 4500 | ||
|---|---|---|---|
| 003 | AR-BaBNM | ||
| 005 | 20251128205300.0 | ||
| 008 | 082120s2002 ||||||||||||||000 | spa|| | ||
| 020 | _a987-9028-06-6 | ||
| 040 | _cAR-BaBNM | ||
| 100 | 1 | _aLedo de Albisu, Susana Estela | |
| 245 | 0 | 0 |
_aLa comprensión lectora _bun eje transversal de la E.G.B. |
| 260 |
_aBuenos Aires _bLa Colmena _c1997 |
||
| 300 |
_a145 p. _bdiagr., facsím. |
||
| 490 | 0 | _aEducativa | |
| 504 | _aBibliografía: p. 143-145 | ||
| 650 | 4 | _aSELECCION DE MATERIAL DIDACTICO | |
| 650 | 4 | _aMETODOS DE ENSEÑANZA | |
| 650 | 4 | _aACTIVIDADES DE APRENDIZAJE | |
| 650 | 4 | _aENSEÑANZA EN GRUPO | |
| 650 | 4 | _aASESORAMIENTO INDIVIDUAL | |
| 650 | 4 | _aRELACION ALUMNO-DOCENTE | |
| 653 | _aENSENANZA DE LA LENGUA | ||
| 653 | _aEDUCACION GENERAL BASICA | ||
| 653 | _aCOMPRENSION LECTORA | ||
| 942 | _cBK | ||
| 998 | _csilvi | ||
| 999 |
_c10726 _d10726 |
||